000 01090nam0a2200313 4500
001 RU\NLR\BIBL_A\021952756
005 20250128194045.0
010 _a978-5-94524-259-3
_9200
021 _aRU
_bКН-П-23-025867
_9КН-П-23-2573
035 _a(NLR Aleph) 021952756
090 _a13315867
_c13315867
100 _a20230601d2022 m y0rusy50 ca
101 0 _abak
102 _aRU
105 _ac z 000 y
181 0 _ai
_baxxe
182 0 _an
200 1 _aГәлсәр ҡыңғырау
_e[шиғырҙар, мәҡәләләр]
_fРафаэль Ҡәҙерғәлин
203 _aТекст
_bвизуальный
_cнепосредственный
210 _aӨфө
_cДиалог
_d2022
215 _a126 б.
_cпортр.
_d20
541 1 _6z01790
_aХрустальный колокольчик
_e[стихи, ст.]
_zrus
686 1 _aШ6(2=Баш)7 я44
700 1 _aҠәҙерғәлин
_bР.
_gРафаэль
_4070
790 1 _6z01541
_aКазыргалин
_bР.
_gРафаэль
_4070
852 _aNLR
_bОНЛ
_jБашк./2-5293
942 _cBOOK
980 _aNB